<?xml version="1.0" encoding="UTF-8"?>
<collection xmlns="http://www.loc.gov/MARC21/slim">
 <record>
  <leader>02597nta a2200301 i 4500</leader>
  <controlfield tag="001">dokt11955</controlfield>
  <controlfield tag="005">20250109120726.0</controlfield>
  <controlfield tag="008">231026s2024    hu      om    000   hun d</controlfield>
  <datafield tag="024" ind1="7" ind2=" ">
   <subfield code="a">10.14232/phd.11955</subfield>
   <subfield code="2">doi</subfield>
  </datafield>
  <datafield tag="024" ind1="7" ind2=" ">
   <subfield code="a">35673950</subfield>
   <subfield code="2">mtmt</subfield>
  </datafield>
  <datafield tag="040" ind1=" " ind2=" ">
   <subfield code="a">SZTE Doktori Repozitórium</subfield>
   <subfield code="b">hun</subfield>
  </datafield>
  <datafield tag="041" ind1=" " ind2=" ">
   <subfield code="a">hun</subfield>
  </datafield>
  <datafield tag="100" ind1="1" ind2=" ">
   <subfield code="a">Tran Quang Hop</subfield>
  </datafield>
  <datafield tag="245" ind1="1" ind2="0">
   <subfield code="a">Kisvízgyűjtők vízmérlegének változása a várható klímaváltozás következtében az Alföldön</subfield>
   <subfield code="h">[elektronikus dokumentum] /</subfield>
   <subfield code="c"> Tran Quang Hop</subfield>
  </datafield>
  <datafield tag="260" ind1=" " ind2=" ">
   <subfield code="c">2024-03-28</subfield>
  </datafield>
  <datafield tag="300" ind1=" " ind2=" ">
   <subfield code="a">133</subfield>
  </datafield>
  <datafield tag="502" ind1=" " ind2=" ">
   <subfield code="a">Disszertacio</subfield>
  </datafield>
  <datafield tag="520" ind1="3" ind2=" ">
   <subfield code="a">Az éghajlatváltozás várható negatív hatásait a vízgazdálkodás területén egyértelműen és konkrétan – területi és időbeli felbontásban egyaránt – azonosítani szükséges, hogy ezáltal hatékony adaptációs stratégiákat alakíthassunk ki a társadalmi, gazdasági igényekkel és a víztől függő természetes ökoszisztémákkal kapcsolatos kockázatok minimalizálása érdekében. Mára a technológiai és informatikai fejlődésnek köszönhetően a különféle matematikai, fizikai és kémiai alapú modellezésekkel a természetben lezajló folyamatokat a valósághoz közelítően tudjuk szimulálni. A számos hidrológiai modell közül kiemelkedik a MIKE SHE integrált modellje, amelynek a kimeneti eredményei sokoldalúan és átfogóan írják le a természetes vízkörforgást, és alkalmazása hatékony eszköz lehet a vízgazdálkodás fontos stratégiai kérdéseink megválaszolása során.  Az értekezés az egymástól eltérő természeti adottságú Dong-ér kisvízgyűjtő és a Berettyó részvízgyűjtő hidrológiai és vízmérlegi változásait vizsgálja a klímaváltozásra visszavezethető hatások és a modell beállítási hatótényezőinek tükrében. A dolgozat – a földtudomány széles spektrumát felhasználva és a hidrológiai modellek által nyújtott lehetőségekkel – a módszertani és gyakorlati eredményeket taglalja.</subfield>
  </datafield>
  <datafield tag="650" ind1=" " ind2="4">
   <subfield code="a">földtudományok</subfield>
  </datafield>
  <datafield tag="650" ind1=" " ind2="4">
   <subfield code="a">Klimatológia és éghajlatváltozás</subfield>
  </datafield>
  <datafield tag="650" ind1=" " ind2="4">
   <subfield code="a">Hidrológia</subfield>
  </datafield>
  <datafield tag="650" ind1=" " ind2="4">
   <subfield code="a">Természetföldrajz</subfield>
  </datafield>
  <datafield tag="650" ind1=" " ind2="4">
   <subfield code="a">Környezettudomány</subfield>
  </datafield>
  <datafield tag="695" ind1=" " ind2=" ">
   <subfield code="a">Dong-ér kisvízgyűjtő, Berettyó részvízgyűjtő, vízmérleg, klímaváltozás, hidrológiai modell.</subfield>
  </datafield>
  <datafield tag="700" ind1="0" ind2="1">
   <subfield code="a">Rakonczai János</subfield>
   <subfield code="e">ths</subfield>
  </datafield>
  <datafield tag="700" ind1="0" ind2="1">
   <subfield code="a">Kozák Péter</subfield>
   <subfield code="e">ths</subfield>
  </datafield>
  <datafield tag="856" ind1="4" ind2="0">
   <subfield code="u">https://doktori.bibl.u-szeged.hu/id/eprint/11955/1/Doktori-ertekezes-TranQuangHop.pdf</subfield>
   <subfield code="z">Dokumentum-elérés </subfield>
  </datafield>
  <datafield tag="856" ind1="4" ind2="0">
   <subfield code="u">https://doktori.bibl.u-szeged.hu/id/eprint/11955/2/Tezisfuzet-TranQuangHop.pdf</subfield>
   <subfield code="z">Dokumentum-elérés </subfield>
  </datafield>
 </record>
</collection>
